| 000 | 00777nam a22002417a 4500 | ||
|---|---|---|---|
| 003 | UA-OsUOA | ||
| 001 | 67965 | ||
| 007 | ta | ||
| 008 | 20100322b un ||||| |||| 00| 0 ukr d | ||
| 100 | _aЯхонтова Т. В. | ||
| 090 |
_a811.111'38 _bЯ90 |
||
| 942 | _cBK | ||
| 040 |
_aUA-OsUOA _bukr _cUA-OsUOA _dUA-OsUOA |
||
| 245 |
_aЛінгвістична генологія наукової комунікації _bМонографія |
||
| 300 | _a420 с. | ||
| 955 | _a2 | ||
| 041 | _aukr | ||
| 080 | _a811.111'38 | ||
| 020 | _a978-966-613-699-5 | ||
| 260 |
_aЛьвів _bЛНУ ім. Івана Франка _c2009 |
||
| 650 | 7 |
_a8 Мовознавство. Художня література. Літературознавство _2UDC |
|
| 999 |
_c354116 _d354116 |
||